000 00414nam a22001577a 4500
003 SGT
020 _a9789382963202
082 _a616.992
_bE19S
100 _aSUBRAMANIAM, P.G.
245 _aEVIDENCE BASED MANAGEMENT OF CANCER IN INDIA: CLINICAL GENOMIC IN HEMATO ONCOLOGY PART-A
250 _a1ST
260 _aINDIA
_bTATA MEMORIAL HOSPITAL
_c2019
300 _a123
650 _aMEDICINE
942 _2ddc
_cBK
999 _c21382
_d21382